000 00519nam a22001577a 4500
003 macl
005 20190323132217.0
008 190323b xxu||||| |||| 00| 0 eng d
040 _cmacl
082 _a920/PAN
100 _aपाण्‍डेय ,डॉ बालमुकुन्‍द
_973909
245 _aभ्‍ाारत रत्‍न महामना
260 _aदिल्‍ली
_bवाण्‍ाी प्रकाशन
_c2015
650 _aजीवनी
_97943
942 _2ddc
_cHIN
999 _c59089
_d59089